Estadísticas para Monarcas Ingleses

Haz click aquí para tomar la prueba!

Estadísticas generales

  • Esta prueba ha sido tomada 632 veces
  • La puntuación promedio es 8 de 13

Estadísticas de respuestas

# Nombre % Correcto
2Isabel
97%
8Enrique
85%
3Carlos
83%
4Guillermo
72%
8Eduardo
72%
1Juan
72%
6Jorge
72%
2María
66%
1Victoria
63%
3Ricardo
55%
1Ana
46%
2Jacobo
36%
1Esteban
26%

Distribución de puntuación

Porcentaje por número respondido

Porcentaje de gente con cada puntuación

Historial de tus puntuaciones

No has tomado esta prueba